[Event "Reunion op 10th"]
[Site "St Denis"]
[Date "2008.10.13"]
[Round "4"]
[White "Nassau, Jean Bertrand"]
[Black "Checkouri, Eloise"]
[Result "1-0"]
[WhiteElo "1110"]
[BlackElo "1190"]
[PlyCount "77"]
[EventDate "2008.10.11"]
[EventType "swiss"]
[EventRounds "9"]
[EventCountry "RUF"]
[SourceTitle "EXT 2009"]
[Source "ChessBase"]
[SourceDate "2008.11.26"]
[SourceVersion "1"]
[SourceVersionDate "2008.11.26"]
[SourceQuality "1"]

1. d4 d5 2. c4 dxc4 3. Nc3 Nf6 4. e3 e6 5. Bxc4 Bb4 6. Nf3 Nc6 7. 0-0 0-0 8. Bd2 Bxc3 9. Bxc3 b6 10. Qc2 Bb7 11. Rfe1 Re8 12. Rad1 Qd6 13. e4 Nb4 14. Bxb4 Qxb4 15. d5 Rad8 16. a3 Qf8 17. e5 Nxd5 18. Ng5 g6 19. Ne4 Qe7 20. Bxd5 exd5 21. Nf6+ Kf8 22. Nxh7+ Kg7 23. Nf6 Rh8 24. Qd2 c6 25. Qg5 Kf8 26. g4 Ba6 27. h4 d4 28. Kg2 Bb7 29. Kg3 d3 30. Rd2 c5 31. Re3 c4 32. f4 Qc5 33. f5 c3 34. bxc3 Qxc3 35. Nh7+ Rxh7 36. Qxd8+ Kg7 37. f6+ Kh6 38. Qf8+ Rg7 39. Qxg7# 1-0

[Event "Sainte Marie op"]
[Site "Sainte Marie"]
[Date "2005.10.23"]
[Round "9"]
[White "Checkouri, Eloise"]
[Black "Rivolo, Jean Guillaume"]
[Result "0-1"]
[WhiteElo "1099"]
[BlackElo "1099"]
[PlyCount "24"]
[EventDate "2005.10.15"]
[EventType "swiss"]
[EventRounds "9"]
[EventCountry "FRA"]
[SourceTitle "EXT 2006"]
[Source "ChessBase"]
[SourceDate "2005.11.24"]
[SourceVersion "1"]
[SourceVersionDate "2005.11.24"]
[SourceQuality "1"]

1. d4 d5 2. e4 c5 3. Nc3 cxd4 4. Nxd5 e6 5. Nb4 Bxb4+ 6. Bd2 Bxd2+ 7. Qxd2 e5 8. Bb5+ Bd7 9. c4 dxc3 10. bxc3 Bxb5 11. Qc1 Nf6 12. Nf3 Nc6 0-1

[Event "Sainte Marie op"]
[Site "Sainte Marie"]
[Date "2005.10.15"]
[Round "1"]
[White "Checkouri, Eloise"]
[Black "Dijoux, Julien"]
[Result "0-1"]
[WhiteElo "1099"]
[BlackElo "1860"]
[PlyCount "70"]
[EventDate "2005.10.15"]
[EventType "swiss"]
[EventRounds "9"]
[EventCountry "FRA"]
[SourceTitle "EXT 2006"]
[Source "ChessBase"]
[SourceDate "2005.11.24"]
[SourceVersion "1"]
[SourceVersionDate "2005.11.24"]
[SourceQuality "1"]

1. e4 e5 2. Nf3 Nc6 3. Qe2 Nf6 4. Nxe5 Nxe5 5. d4 Nc6 6. Bg5 h6 7. Bxf6 Qxf6 8. e5 Qe6 9. d5 Qxd5 10. c4 Qxe5 11. Qxe5+ Nxe5 12. Na3 Bb4+ 13. Kd1 Ng4 14. Be2 Nxf2+ 15. Kc2 Nxh1 16. Rxh1 Bxa3 17. bxa3 d6 18. Re1 0-0 19. h4 Bf5+ 20. Kb3 Rfe8 21. g4 Bxg4 22. Bxg4 Rxe1 23. c5 Re3+ 24. Kb4 dxc5+ 25. Kxc5 Re5+ 26. Kb4 Re4+ 27. Ka5 Rxg4 28. h5 Rg5+ 29. Kb4 a5+ 30. Kc4 b5+ 31. Kc3 Rg3+ 32. Kc2 Re8 33. Kd2 Re4 34. Kc1 Rg2 35. Kb1 Re1# 0-1